[Event "ROM-ch U14"]
[Site "Calimanesti"]
[Date "2018.03.29"]
[Round "4"]
[White "Codrea, Andrei Vladimir"]
[Black "Anton, Claudiu George Alex"]
[Result "0-1"]
[WhiteElo "1268"]
[BlackElo "1564"]
[PlyCount "96"]
[EventDate "2018.03.27"]
[EventType "swiss"]
[EventRounds "9"]
[EventCountry "ROU"]
[SourceTitle "CBM 183 Extra"]
[Source "ChessBase"]
[SourceDate "2018.04.19"]
[SourceVersion "1"]
[SourceVersionDate "2018.04.19"]
[SourceQuality "1"]

1. Nf3 f5 2. g3 Nf6 3. Bg2 e6 4. 0-0 d5 5. d3 c6 6. Bf4 Bd6 7. Bxd6 Qxd6 8. Nbd2 Nbd7 9. c4 0-0 10. Qc2 Ne5 11. Nxe5 Qxe5 12. Nf3 Qd6 13. Rac1 Bd7 14. Rfd1 Rae8 15. e4 fxe4 16. dxe4 Qe7 17. cxd5 exd5 18. exd5 Nxd5 19. Re1 Qf6 20. Qb3 Bc8 21. Rxe8 Rxe8 22. Rc2 Kh8 23. Rd2 h6 24. Nd4 Re1+ 25. Bf1 Bh3 26. Rd1 Rxf1+ 27. Rxf1 Bxf1 28. Kxf1 Qxd4 29. Qxb7 Qb6 30. Qc8+ Kh7 31. Qf5+ Kg8 32. Qc8+ Kf7 33. Qf5+ Nf6 34. Qc2 Qb5+ 35. Kg1 Qd5 36. Qa4 a5 37. Qc2 Ke6 38. Qe2+ Kd6 39. b3 Ne4 40. Qg4 Ng5 41. Qf4+ Qe5 42. Qf8+ Kc7 43. h4 Ne4 44. Qf7+ Kb6 45. Qc4 Nd2 46. Qc1 Qd5 47. Qc3 Nf3+ 48. Kf1 Nd4 0-1

[Event "ROM-ch U12"]
[Site "Calimanesti Caciulata"]
[Date "2016.04.18"]
[Round "1"]
[White "Tablan, Matei Christian"]
[Black "Codrea, Andrei Vladimir"]
[Result "1-0"]
[WhiteElo "1599"]
[BlackElo "1119"]
[PlyCount "41"]
[EventDate "2016.04.18"]
[EventType "swiss"]
[EventRounds "9"]
[EventCountry "ROU"]
[SourceTitle "CBM 172 Extra"]
[Source "ChessBase"]
[SourceDate "2016.06.21"]
[SourceVersion "1"]
[SourceVersionDate "2016.06.21"]
[SourceQuality "1"]

1. d4 d5 2. c4 Nf6 3. e3 e6 4. Nc3 Bb4 5. Bd2 0-0 6. f4 Bxc3 7. Bxc3 Ne4 8. Nf3 Nxc3 9. bxc3 Nc6 10. Bd3 b6 11. 0-0 Ba6 12. Bxh7+ Kxh7 13. Ng5+ Kh6 14. Qg4 g6 15. Rf3 Rh8 16. Nxf7+ Kg7 17. Nxd8 Nxd8 18. Rh3 Nf7 19. Rxh8 Rxh8 20. Qxe6 Bc8 21. Qxd5 1-0